000 01006nam a22003017a 4500
001 BR8201421
003 BR-BrBNA
005 20230928091249.0
007 ta
008 230509b bl.||||| |||| 00| 0 por d
040 _aBR-BrBNA
_bpor
_cBiblioteca Nacional de Agricultura
041 _a(Por)
072 _aL10
_b5213
_b/G514
090 _ 5213 BR8201421
100 1 _aFerreira, R.T.
110 1 _aUniversidade Federal da Paraiba, Areia (Brasil). Centro de Ciencias Agrarias
_0Tese (Mestrado)
245 1 _aDesempenho reprodutivo do rebanho Nelore da Fazenda Oiteiro, Paraiba [Brasil]
246 1 _a[Reproductive performance of the Nelore cattle from Oiteiro Farm, Paraiba [Brazil]]
260 3 _aAreia, PB (Brasil):
_c1981.
300 _a40 p.
500 _aBibliography (50 ref.); Summaries (Eng, Por)
650 _aMelhoramento genetico animal
650 _aGado nelore
650 _aEficiencia reprodutiva
650 _aParaiba
909 _a202309
_bLucia
_c55
_dLucia Elande
942 _cBK
999 _c33098
_d33098